Corn yield comparison betwween direct seeding mulch-based cropping systems and traditional practice (ប្រៀបធៀបប្រពន្ធ័ដាំដុះដោយផ្ទាល់លើដំណាំគម្របដីនិងការដាំដុះតាមទម្លាប់ទៅលើទន្និផលពោត) (Record no. 1493)

000 -LEADER
fixed length control field 00708nam a22001577a 4500
003 - CONTROL NUMBER IDENTIFIER
control field OSt
005 - DATE AND TIME OF LATEST TRANSACTION
control field 20150930093046.0
008 - FIXED-LENGTH DATA ELEMENTS--GENERAL INFORMATION
fixed length control field 150930b xxu||||| |||| 00| 0 eng d
040 ## - CATALOGING SOURCE
Transcribing agency RUA
082 ## - DEWEY DECIMAL CLASSIFICATION NUMBER
Classification number AGR VAR 2011 B047 Or.1
100 ## - MAIN ENTRY--PERSONAL NAME
9 (RLIN) 1583
Personal name VAR, SOPHAL.
245 ## - TITLE STATEMENT
Title Corn yield comparison betwween direct seeding mulch-based cropping systems and traditional practice (ប្រៀបធៀបប្រពន្ធ័ដាំដុះដោយផ្ទាល់លើដំណាំគម្របដីនិងការដាំដុះតាមទម្លាប់ទៅលើទន្និផលពោត)
260 ## - PUBLICATION, DISTRIBUTION, ETC. (IMPRINT)
Place of publication, distribution, etc. Phnom Penh
Name of publisher, distributor, etc. RUA
Date of publication, distribution, etc. 2011
300 ## - PHYSICAL DESCRIPTION
Extent ix, 39p.
Other physical details ill.
Dimensions 29cm.
942 ## - ADDED ENTRY ELEMENTS (KOHA)
Source of classification or shelving scheme
Koha item type AGR
Holdings
Price effective from Date last seen Permanent Location Not for loan Date acquired Source of classification or shelving scheme Koha item type Lost status Withdrawn status Total Renewals Date last checked out Total Checkouts Shelving location Damaged status Barcode Current Location Full call number
2015-09-302025-12-12Library Block B 2015-09-30 AGR   2025-11-264B047 RUA008283Library Block BAGR VAR 2011 B047 Or.1
2015-09-302020-11-04Library Block B 2015-09-30 AGR   2020-10-0610B047 RUA008069Library Block BAGR VAR 2011 B047 Or.2
2015-09-302019-10-25Library Block B 2015-09-30 AGR  12019-10-096B047 RUA008288Library Block BAGR VAR 2011 B047 Or.3
2015-09-302024-10-30Library Block B 2015-09-30 AGR   2024-10-116B047 RUA008080Library Block BAGR VAR 2011 B047 Or.4
2015-09-302023-09-26Library Block B 2015-09-30 AGR   2023-09-046B047 RUA008068Library Block BAGR VAR 2011 B047 Or.5
2015-09-302023-01-06Library Block B 2015-09-30 AGR   2022-12-211B047 RUA008285Library Block BAGR VAR 2011 B047 Or.6
មជ្ឈមណ្ឌលឯការនៃសាកលវិទ្យាល័យភូមិន្ទកសិកម្មចំការដូង

Powered by Koha